Learning and memory: an introduction

Tallennettuna:
Bibliografiset tiedot
Päätekijä: Adams, Jack A (Tekijä)
Aineistotyyppi: Kirja
Kieli:englanti
Julkaistu: Homewood The Dorsey Press 1976
Aiheet:
Tagit: Lisää tagi
Ei tageja, Lisää ensimmäinen tagi!

MARC

LEADER 00000nam a2200000 a 4500
001 UCT0387
003 CL-VaPUC
008 960830e19760000US |||||||||||||||||eng|d
082 0 4 |a 370.152  |b ADA  |2 21 
100 0 |a Adams, Jack A  |e author  |9 369034 
245 1 0 |a Learning and memory: an introduction 
300 |a 383 p 
942 |c BK 
945 |d 19960830 00:00:00  |a nastorga 
260 |a Homewood  |b The Dorsey Press  |c 1976 
650 0 |a Enseñanza  |9 256457 
650 0 |a Memoria  |9 266549 
650 0 |a Inteligencia  |9 267038 
650 0 |a Aprendizaje   |9 254827 
650 0 |a Métodos de aprendizaje  |9 334464 
650 0 |a Psicología del aprendizaje  |9 306854 
583 |a last modification  |c 19960830 00:00:00  |k Rodrigo Vera 
999 |c 251392  |d 251390 
952 |0 0  |1 0  |4 0  |6 370_152000000000000_ADA_1976  |7 0  |8 P  |9 270508  |a BIBEDU  |b BIBEDU  |c BIBEDU_PB  |d 2019-11-19  |i 3225534  |o 370.152 ADA 1976  |p 3225534  |r 2024-01-25  |w 2019-11-19  |y BK  |k EDU